00246nam a2200097Ia 4500008004100000100000900041245003700050260003700087942000700124999001700131190216s9999||||xx |||||||||||||| ||und|| aNull 0aHindi-Nargesh Chinthamana Gelkar bKerala Sasthra Sahithya Parishad cBK c17981d17981